Every Thomas the Tank Engine Episode - Statistics

General Stats
  • This quiz has been taken 540 times
  • The average score is 71 of 182
Answer Stats
Season 1 % Correct
Thomas and Gordon
94%
Edward and Gordon
79%
The Sad Story of Henry
76%
Edward, Gordon, and Henry
68%
Thomas and the Breakdown Train
64%
Coal
62%
Percy Runs Away
62%
Thomas and the Trucks
59%
Thomas' Train
59%
The Flying Kipper
58%
Break Van
55%
Old Iron
55%
Thomas' Christmas Party
55%
Daisy
54%
Down the Mine
54%
Percy Takes the Plunge
54%
Saved from Scrap
54%
The Deputation
54%
Trouble in the Shed
54%
Dirty Objects
53%
Granpuff
53%
Mavis
53%
Off the Rails
53%
Percy and Harold
53%
Percy's Promise
53%
Sleeping Beauty
53%
Thomas, Percy and the Coal
53%
Toby and the Stout Gentleman
53%
A Close Shave
51%
James and the Express
51%
The Diseasel
51%
Cows
50%
Dirty Work
50%
Escape
50%
James and the Coaches
50%
Tenders and Turntables
50%
Thomas and Bertie
50%
Thomas in Trouble
50%
Troublesome Trucks
50%
A Scarf for Percy
49%
Bertie's Chase
49%
Ghost Train
49%
Paint Pots and Queens
49%
Percy's Predicament
49%
Rock 'n' Roll
49%
Thomas, Terence, and the Snow
49%
Pop Goes the Diesel
47%
Steam Roller
47%
Bulldog
46%
Henry and the Elephant
46%
Thomas and the Guard
46%
Thomas Comes to Breakfast
46%
Thomas Goes Fishing
46%
Whistles and Sneezes
46%
Bowled Out
45%
Bulgy
45%
Buzz, Buzz
45%
Cranky Bugs
45%
Donald's Duck
45%
Duck Takes Charge
45%
Fish
45%
Four Little Engines
45%
Percy and the Signal
45%
Rusty to the Rescue
45%
Thomas and Trevor
45%
Toby's Tightrope
45%
Trucks
45%
You Can't Win
45%
Better Late than Never
44%
Edward's Exploit
44%
Gallant Old Engine
44%
Henry's Forest
44%
Heroes
44%
Oliver Owns Up
44%
Peter Sam and the Refreshment Lady
44%
Rusty and the Boulder
44%
Special Funnel
44%
The Runaway
44%
Thomas and the Missing Christmas Tree
44%
Horrid Lorry
42%
Train Stops Play
42%
A Bad Day for Sir Handel
41%
Diesel Does It Again
41%
Mind that Bike
41%
Put Upon Percy
41%
Toad Stands By
41%
Wrong Road
41%
Bulls Eyes
40%
Duncan Gets Spooked
40%
Snow
40%
Stepney Gets Lost
40%
Woolly Bear
40%
A Better View for Gordon
38%
Edward, Trevor and the Really Useful Party
38%
Gordon and the Famous Visitor
38%
Thomas and Percy's Christmas Adventure
38%
Thomas and Stepney
38%
Emily's New Coaches
37%
James and the Trouble with Trees
37%
No Joke for James
37%
One Good Turn
37%
Thomas and the Rumours
37%
Thomas and the Special Letter
37%
Thomas, Percy and the Dragon
37%
Time for Trouble
37%
Bye George!
36%
Harvey to the Rescue
36%
Lady Hatt's Birthday Party
36%
Oliver's Find
36%
Passengers and Polish
36%
Percy, James and the Fruitful Day
36%
Salty's Secret
36%
The Trouble with Mud
36%
Thomas Gets Bumped
36%
Toby and the Flood
36%
Toby's Discovery
36%
Trust Thomas
36%
All at Sea
35%
Home at Last
35%
Special Attraction
35%
Spotless Record
35%
Thomas, Percy and the Post Train
35%
Gordon and Spencer
33%
Gordon and the Gremlin
33%
Haunted Henry
33%
Peace and Quiet
33%
A Surprise for Percy
32%
Baa!
32%
Bill, Ben and Fergus
32%
Busy Going Backwards
32%
Double Teething Troubles
32%
Tender Engines
32%
Buffer Bother
31%
Twin Trouble
31%
Make Someone Happy
29%
No Sleep for Cranky
29%
Percy's Chocolate Crunch
29%
Rusty Saves the Day
29%
Thomas, Percy and Old Slow Coach
29%
Thomas the Jet Engine
29%
Jack Jumps In
28%
Sir Topham Hatt's Holiday
28%
The Old Bridge
28%
The World's Strongest Engine
28%
Faulty Whistles
27%
Fergus Breaks the Rules
27%
Gordon Takes a Tumble
27%
Happy Ever After
27%
Something in the Air
27%
Three Cheers for Thomas
27%
A Friend in Need
26%
Dunkin Duncan
26%
Middle Engine
26%
James and the Red Balloon
24%
Salty's Stormy Tale
24%
Snow Engine
24%
Best Dressed Engine
23%
Edward the Very Useful Engine
23%
Toby Had a Little Lamb
23%
Elizabeth the Vintage Lorry
22%
Percy and the Haunted Mine
22%
Rheneas and the Roller Coaster
22%
Scaredy Engines
22%
The Fogman
22%
A Bad Day for Harold
21%
Bad Day at Castle Loch
21%
Edward's Brass Band
21%
Percy Gets it Right
21%
Toby's Windmill
21%
Trusty Rusty
21%
Bulgy Rides Again
19%
Jack Frost
19%
Not So Hasty Puddings
19%
Thomas, Percy and the Squeak
19%
It's Only Snow
18%
Something Fishy
18%
The Grand Opening
17%
The Refreshment Lady's Tea Shop
17%
What's the Matter with Henry?
17%
James and the Queen of Sodor
15%
The Runaway Elephant
15%
Harold and the Flying Horse
10%
No matching quizzes found
Score Distribution
Percent of People with Each Score
Percentile by Number Answered
Your Score History
You have not taken this quiz